000 00811nam a2200277 a 4500
001 12797
003 BD-JhCC
005 20230513104250.0
008 230513r20132012enk 000 f eng|d
015 _aGBB2A4730
_2bnb
020 _a9780575129559 (pbk.) :
035 _a(BD-JhCC)12797
040 _aStDuBDS
_beng
_cStDuBDS
_dUk
_dBD-JhCC
042 _aukblsr
082 0 4 _a813.6
_223
_bMAR 2013
100 1 _aMartin, George R. R.
245 1 4 _aThe Armageddon rag /
_cGeorge R.R. Martin.
260 _aLondon :
_bGollancz,
_c2013.
300 _a369 pages ;
_c20 cm.
336 _atext
_2rdacontent
337 _aunmediated
_2rdamedia
338 _avolume
_2rdacarrier
500 _aOriginally published: New York: Poseidon, 1983; London: Gollancz, 2012.
500 _aFormerly CIP.
_5Uk
942 _2ddc
_cBK
999 _c12797
_d12797